| 000 | 01000nam a2200289 i 4500 | ||
|---|---|---|---|
| 001 | bg | ||
| 100 | 1 | _aOKOŃ-HORODYŃSKA, Ewa. | |
| 245 | 1 | 0 |
_aBiała Księga 2003. _nCz.2, _pGospodarka oparta na wiedzy / _cEwa Okoń-Horodyńska, Anna Streżyńska, Danuta Wieczorek ; Polskie Forum Strategii Lizbońskiej. |
| 260 |
_aWarszawa : _bUrząd Komitetu Integracji Europejskiej, _c2003. |
||
| 300 |
_a76 s. ; _c24 cm. |
||
| 610 | 2 | 9 |
_aPolska _xa Unia Europejska |
| 610 | 2 | 9 |
_aUnia Europejska _xgospodarka _xpolityka |
| 650 | 9 | _aGospodarka oparta na wiedzy | |
| 650 | 9 |
_aPlanowanie gospodarcze _xUnia Europejska |
|
| 650 | 9 | _aSpołeczeństwo informacyjne | |
| 700 | 1 | _aSTREŻYŃSKA, Anna | |
| 700 | 1 | _aWIECZOREK, Danuta | |
| 710 | 0 | _aPolskie Forum Strategii Lizbońskiej | |
| 020 | _a8389218119 | ||
| 040 | _cBPK | ||
| 041 | _apol | ||
| 080 | _a339.92:338.26](438:4-67)"1989/..." | ||
| 920 | _a83-89218-11-9 | ||
| 942 | _cKS | ||
| 008 | s pl f |000 0 pol | ||
| 999 |
_c43857 _d43857 |
||
| 856 |
_uhttp://koha.tu.koszalin.pl/cgi-bin/koha/opac-detail.pl?biblionumber=43857 _yKatalog online BPK |
||